The Seven Emirates - Sudden Death - Statistics

General Stats
  • This quiz has been taken 35 times
  • The average score is 5 of 7
Answers on the Grid
Answers color-coded by a green-red scale on the quiz's grid according to % correct below.
Abu Dhabi
Ajman
Dubai
Fujairah
Ras Al-Khaimah
Umm Al-Quwain
Sharjah
Ash Sharqiyah
Ha'il
Al-Batinah
Al-Dihahirah
Al-Wusta
 
Answer Stats
Answer % Correct
Dubai
94%
Abu Dhabi
91%
Sharjah
69%
Fujairah
56%
Ras Al-Khaimah
53%
Ajman
50%
Umm Al-Quwain
41%
No matching quizzes found
Score Distribution
Percent of People with Each Score
Percentile by Number Answered
Your Score History
You have not taken this quiz